Practical moral and political economy ; or, The government, religion, and institutions, most conducive to individual happiness and to national power /

Bibliographic Details
Main Author: Edmonds, T. R. (Thomas Rowe), 1803-1889
Format: Book
Language:English
Published: London : E. Wilson, 1828.
Subjects:

MARC

Tag First Indicator Second Indicator Subfields
LEADER 00000cam a2200000 4500
001 in00000065594
005 20151007083502.0
008 800429s1828 enk 00010 eng
010 |a  05020700  
035 |a (OCoLC)06257115 
035 |9 AAF9436AM 
040 |a DLC  |c TXA  |d UtOrBLW 
049 |a TXAM  |c [199771] 
050 0 |a HB161  |b .E24 
092 |a 330  |b E24p 
100 1 |a Edmonds, T. R.  |q (Thomas Rowe),  |d 1803-1889. 
245 1 0 |a Practical moral and political economy ;  |b or, The government, religion, and institutions, most conducive to individual happiness and to national power /  |c By T. R. Edmonds ... 
264 1 |a London :  |b E. Wilson,  |c 1828. 
300 |a viii, 304 pages ;  |c 24 cm. 
336 |a text  |b txt  |2 rdacontent 
337 |a unmediated  |b n  |2 rdamedia 
338 |a volume  |b nc  |2 rdacarrier 
650 0 |a Social sciences. 
650 0 |a Economics. 
999 |a MARS 
999 f f |s a7932b38-1d0e-321d-b89f-b174c540e96a  |i 0b734a31-b3d6-3a2d-8789-710f34a18a89  |t 0 
952 f f |p normal  |a Texas A&M University  |b College Station  |c Sterling C. Evans Library  |d Evans: Library Stacks  |t 0  |e HB161 .E24  |h Library of Congress classification  |i unmediated -- volume  |m A14800685629 
998 f f |a HB161 .E24  |t 0  |l Evans: Library Stacks